| 000 | 00452nam a2200169 i 4500 | ||
|---|---|---|---|
| 001 | bg | ||
| 100 | 1 | _aBŁOTNY, Grzegorz | |
| 245 | 0 |
_aChemia dla mechaników / _cGrzegorz Błotny, Bożena Bator-Sawicka, Jan Biernat. |
|
| 260 |
_aGdańsk, _c1981. |
||
| 700 | 1 | _aBATOR-SAWICKA, Bożena | |
| 700 | 1 |
_aBIERNAT, Jan F. _d(1909- ). |
|
| 040 | _cBPK | ||
| 041 | _apol | ||
| 080 | _a54(075.8) | ||
| 942 | _cKS | ||
| 008 | s pl f |000 0 pol | ||
| 999 |
_c20360 _d20360 |
||
| 856 |
_uhttp://koha.tu.koszalin.pl/cgi-bin/koha/opac-detail.pl?biblionumber=20360 _yKatalog online BPK |
||